000 00588nam a2200253Ia 4500
005 20260121155221.0
008 008 260114s9999 xx 000 0 eng d
020 _a9781351047487
037 _aEBOOK
040 _aCRL
040 _beng
040 _cCRL
041 _2eng
041 _aeng
084 _qCRL
100 _a Frauke Urban
_91016815
245 0 _aEnergy and Development
260 _bTaylor and Francis
260 _c2020
856 _uhttp://www.taylorfrancis.com/books/9781351047487
942 _cEBOOK
999 _c1583634
_d1583634